1232 1662 1558 1640 1723 1230 1314 1093 1254 1391 1161 1939 1186 1011 1389 1422 1782 1243 1521 1070 1202 1816 1771 1647 1058 1804 1219 1289 1192 1300 1422 1202 1806 1543 1328 1570 1914 1047 1294 1709 1731 1573 1255 1357 1161 1028 1379 1787 1677 1511 1943 1536 1467 1540 1276 1113 1761 1959 1548 1463 1973 1293 1723 1537 1410 1403 1129 1209 1522 1357 1998 1806 1157 1775 1079 1415 1730 1405 1789 1851 1990 1551 1193 1716 1509 1513 1545 1265 1082 1408 1278 1215 1531 1460 1562 1518 1566 1672 1830 BCNSPRNW ULIB Ver.6.0+V

เปลี่ยนเป็นภาษาไทย

Change to English
 แสดงรายละเอียดบรรณานุกรม
  กลับหน้าหลัก

Brief Record : Get Marc (ISO 2709) : E-mail record : QR code < ปิดหน้าต่าง
LEADER : 00000nam 2200000uu 4500
001    13399120419
003     ULIB
008    120920s2549||||th 000 0 tha d
020    ^a9742990964
060 04 ^aWB115^bอ260น 2549
245 00 ^aแนวปฏิบัติบริการสาธารณสุข :^bสำหรับการรักษาผู้ป่วยทั่วไป =Quick reference guide /^cอภิรักษ์ ปาลวัฒน์วิไชย บรรณาธิการ
246 31 ^aQuick reference guide
250    ^aพิมพ์ครั้งที่ 1
260    ^a[นนทบุรี] :^bสำนักงานโครงการพัฒนาแนวทางการบริการสาธารณสุข,^c2549
300    ^a268 หน้า :^bภาพประกอบ ;^c30 ซม.
650  7 ^aการประกอบโรคศิลป์
650  7 ^aบริการสาธารณสุข^xมาตรฐาน
650  7 ^aผู้ป่วย^xการดูแล^xมาตรฐาน
650  7 ^aโรค^xการรักษา^xมาตรฐาน
650  7 ^aเวชศาสตร์ชุมชน
700 0  ^aอภิรักษ์ ปาลวัฒน์วิไชย,^eบรรณาธิการ
710 2  ^aสำนักงานโครงการพัฒนาแนวทางการบริการสาธารณสุข
945    ^p0^l0^i24756
995    ^aกัณชพร
999 ^a ใช้งานได้ทุกระบบ
รายการนี้ยังไม่มีแท็ก
คุณยังไม่ได้ล็อกอิน คุณสามารถมีกิจกรรมร่วมกับเว็บไซต์ได้ แต่ต้องล็อกอินก่อน ::
  ล็อกอิน

รายการสื่อสารสนเทศ

ลำดับที่ ประเภท เลขเรียก/บาร์โค้ด สถานที่ สถานะ
1. วิทยาศาสตร์การแพทย์ และสุขภาพ
วิทยาศาสตร์การแพทย์ และสุขภาพ
WB115 อ260น 2549  
  Barcode: 24756
ห้องสมุดวิทยาเขตสวรรค์ประชารักษ์
►หนังสือทั่วไป
บนชั้น

รายการใกล้เคียง
    หัวเรื่อง [การประกอบโรคศิลป์]
    หัวเรื่อง [เวชศาสตร์ชุมชน]

BibComment


ยังไม่เคยถูกคอมเมนท์

คอมเมนท์ทรัพยากรรายการนี้
  คอมเมนท์: แนวปฏิบัติบริการ..


 Copyright 2026. Bcnsprnw @Library